000 00881nam a2200277Ia 4500
003 OSt
005 20220930093116.0
006 a|||||r|||| 00| 0
007 ta
008 220926b |||||||| |||| 00| 0 eng d
024 _a28743
037 _cTheses
040 _aCRL
_cCRL
_beng
041 _2eng
_aeng
100 _aAtmjeet Kumar Au.
_9550689
110 _aUniversity of Delhi. Faculty of Science. Department of Physics and Astrophysics
_9519374
245 0 _aCosmological magnetogenesis
260 _c2015
300 _axix,125
_ap.
_ccm.
650 _aPHYSICS
700 _a Seshadri T. R. Gu.
_9519401
700 _a Sriramkumar L. Gu.
_9550690
700 _aUniversity of Delhi. Faculty of Science. Department of Physics and Astrophysics
_9519380
942 _cDIS
_2CC
999 _c884792
_d884792